000 00457nam a2200181Ia 4500
008 100917s9999 xx 000 0 und d
082 _b13246
100 _aबापट ग. पु.
245 _aआर्या माता
260 _b---
_c1807
300 _a20
365 _b0
520 _aकविता
630 _aआर्या माता
650 _aकविता
730 _aआर्या माता
942 _cBOOK
999 _c618640
_d618637